Mezclas asfálticas mejoradas con caucho proveniente de llantas recicladas
Guardado en:
| Hovedforfatter: | |
|---|---|
| Format: | Bog |
| Udgivet: |
San José, C.R.
1999
|
| Fag: | |
| Tags: |
Tilføj Tag
Ingen Tags, Vær først til at tagge denne postø!
|
MARC
| LEADER | 00000nam a2200000Ia 4500 | ||
|---|---|---|---|
| 003 | 008586 | ||
| 005 | 20221231144221.0 | ||
| 008 | 140114s1999 cr a m 000 ||s d | ||
| 040 | |c cru CEDI | ||
| 090 | |a TFG 3914 | ||
| 100 | |a Cabrera Vargas, María Isabel |9 8915 | ||
| 245 | |a Mezclas asfálticas mejoradas con caucho proveniente de llantas recicladas | ||
| 260 | |c 1999 |a San José, C.R. | ||
| 300 | |a 117 hojas : (algunas a color) | ||
| 500 | |a Proyecto de graduación (licenciatura en ingeniería civil)--Universidad de Costa Rica. Facultad de Ingeniería. Escuela de Ingeniería Civil | ||
| 650 | |x ASFALTO - INVESTIGACIONES |x MATERIALES PARA CARRETERAS |x CAUCHO |x RESIDUOS DE NEUMATICOS |9 8916 | ||
| 942 | |c TFG | ||
| 999 | |c 18591 |d 18591 | ||
